000 00804nam a2200277Ia 4500
003 OSt
005 20220928125015.0
006 a|||||r|||| 00| 0
007 ta
008 220927b |||||||| |||| 00| 0 eng d
020 _c1735.8699999999999
024 _a127683
037 _b133, 04/12/2015, Classic Book Service
_cTextual
040 _aSDCL
_cSDCL
_beng
041 _2eng
_aeng
082 _aW, Q5
100 _aJackson Nigel A.
_9467554
245 0 _aPolitics
_b The basics
250 _a5th
260 _aLondon
_bRoutledge
_c2015
300 _axvi;268p.
_ccm.
650 _aPolitical Science
700 _a Tansey Stephen D.
_9467555
942 _hW, Q5
_cTEXL
_2CC
999 _c780416
_d780416